=LDR 00000nam 2200000 4500 =001 INLIS000000000023094 =005 20130612121802 =008 ***********************************Ind** =035 ##$$0010-061300000023094 =041 ##$$a Ind =082 ##$$a 028.5 =090 ##$$a 028.5, Alm l =100 ##$$a Almunandar, Zahra =245 ##$$a Latihan berpuasa, Zahrah Almunandar =260 ##$$a 2000 $b Jakarta =300 ##$$a 36 hlm, ilus, 28 cm =650 ##$$a Bacaan anak-anak =850 ##$$a NBPNMAT